Lioyd's Introduction to Jurisprudence. Ed.9 (Record no. 852)
[ view plain ]
| 000 -LEADER | |
|---|---|
| fixed length control field | 00359nam a2200157Ia 4500 |
| 008 - FIXED-LENGTH DATA ELEMENTS--GENERAL INFORMATION | |
| fixed length control field | 230523s9999 xx 000 0 und d |
| 082 ## - DEWEY DECIMAL CLASSIFICATION NUMBER | |
| Classification number | 340.1 FRE |
| 100 ## - MAIN ENTRY--PERSONAL NAME | |
| Main Author Name | Freeman, Michael |
| 245 #0 - TITLE STATEMENT | |
| Title | Lioyd's Introduction to Jurisprudence. Ed.9 |
| 250 ## - EDITION STATEMENT | |
| Edition | 9 |
| 260 ## - PUBLICATION, DISTRIBUTION, ETC. | |
| Place of publication | Londan |
| 260 ## - PUBLICATION, DISTRIBUTION, ETC. | |
| publisher Name | Sweet and Maxwell |
| 260 ## - PUBLICATION, DISTRIBUTION, ETC. | |
| Date of publication | 2016 |
| 300 ## - PHYSICAL DESCRIPTION | |
| Number Of Page | 1615 |
| 942 ## - ADDED ENTRY ELEMENTS (KOHA) | |
| Koha item type | Reference Book |
| Lost status | Not for loan | Home library | Current library | Date last seen | Koha item type | School | Total Checkouts | Full call number | Barcode | Date last checked out | Cost, replacement price | Price effective from | Withdrawn status | Date acquired | Source of acquisition | Cost, normal purchase price | Bill Date | Bill No |
|---|---|---|---|---|---|---|---|---|---|---|---|---|---|---|---|---|---|---|
| BSOL | BSOL | 12/04/2024 | Reference Book | School of Law | 2 | 340.1 FRE | BSoL1954 | 04/01/2024 | 4000.00 | 23/05/2023 | 17/12/2018 | Vardhman Books, Delhi | 4000.00 | 2018-11-30 | 180 |

2cqr automation private limited, Chennai. All Rights Reserved.